Quizzes
Events
Quiz Creation
Community
Videos
Private Events
Remove Ads
Sign In
Join for FREE
Feedback
Dark Mode
Quiz Categories
Sports
Geography
Music
Movies
Television
Just For Fun
Miscellaneous
History
Literature
Language
Science
Gaming
Entertainment
Religion
Holiday
For Kids
Quiz Lab
Recent
Popular Today
Quiz Kudos Today
Editor Picks
Curator Picks
Quizzes by...
Day
Popularity
Type
Ratings
Length
Year
Community
Subscriptions
Recent Discussions
Orange Saloon
Badges
Playlists
Quests
Create
Leaderboards
Showdown
Live 5
Trivia Bingo
Activity
Puzzle Library
Sporcle Events
Private Events
Virtual Trivia
Globe League
Become a Host
Pub Owners
SporcleCon
Opinionation
Our Games
Videos
Blog
Mobile Apps
Partnerships
Remove Ads and Go Orange
Feedback
Sports
Athletes
MLB
NBA
NHL
NFL
Soccer
Sports Teams
WWE
NCAA
Football
Premier League
Basketball
Baseball
Hockey
Golf
Tennis
Cricket
Rugby
Auto Racing
Olympics
World Cup
Sports
Athletes
MLB
NBA
NHL
NFL
Soccer
Sports Teams
WWE
NCAA
Football
Premier League
Basketball
Baseball
Hockey
Golf
Tennis
Cricket
Rugby
Auto Racing
Olympics
World Cup
Random Quiz
Search Sporcle
×
Quiz Lab
Quiz Lab
Sports
MLB
Type in answers that appear in a list
Type in answers that appear in a list
Classic
Best Score? Go Orange.
MLB Age 21 Season Leaders Stats
Can you name the MLB Age 21 Season Leaders?
By
SporcleEXP
7m
109 Questions
103 Plays
103 Plays
103 Plays
Comments
Comments
Give Quiz Kudos
Give Quiz Kudos
-
- Ratings
hide this ad
More Info
Replay
Link that replays current quiz
Next Quiz
Link to next quiz in quiz playlist
You Got
0%
They Got
Avg Score
46%
Avg Friend Score
Upgrade to see
Score Distribution
Jump to the score distribution portion of the page
Score
0/109
Timer
07:00
0
Plays Today
Hint
Player
% Correct
Home Runs
Ronald Acuna Jr.
100%
SLG
Albert Pujols
98.1%
OPS
Albert Pujols
98.1%
Doubles
Albert Pujols
98.1%
Home Runs
Albert Pujols
98.1%
RBI
Albert Pujols
98.1%
OBP
Ted Williams
94.2%
SLG
Ted Williams
94.2%
OPS
Ted Williams
94.2%
Runs
Ted Williams
94.2%
Doubles
Ted Williams
94.2%
Games Pitched
Mitch Williams
94.2%
WAR(Hitter)
Eddie Mathews
91.7%
WAR(Hitter)
Rickey Henderson
91.7%
AVG
Jimmie Foxx
91.3%
OBP
Jimmie Foxx
91.3%
OBP
Mike Trout
91.3%
SLG
Jimmie Foxx
91.3%
OPS
Jimmie Foxx
91.3%
BB
Rickey Henderson
91.3%
BB
Mike Trout
91.3%
BB
Jimmie Foxx
91.3%
SB
Rickey Henderson
91.3%
K's
Hardie Henderson
91.3%
OBP
Mel Ott
90.3%
OPS
Mel Ott
90.3%
BB
Mel Ott
90.3%
Runs
Joe DiMaggio
89.3%
Hits
Joe DiMaggio
89.3%
Doubles
Joe DiMaggio
89.3%
RBI
Joe DiMaggio
89.3%
K/
9 IP
Kerry Wood
88.4%
SLG
Eddie Mathews
85.4%
OPS
Eddie Mathews
85.4%
Home Runs
Eddie Mathews
85.4%
RBI
Eddie Mathews
85.4%
BB
Eddie Mathews
85.4%
Hint
Player
% Correct
AVG
Lloyd Waner
77.7%
Runs
Lloyd Waner
77.7%
Hits
Lloyd Waner
77.7%
SB
Tim Raines
76.7%
WAR(Hitter)
Rogers Hornsby
75%
WAR(Hitter)
Mike Trout
75%
SB
Carl Crawford
71.8%
Doubles
Ryan Zimmerman
68.9%
Home Runs
Cody Bellinger
68.9%
RBI
Al Kaline
68.9%
Hits
Starlin Castro
67%
ERA+
Vida Blue
66.7%
ERA
Vida Blue
66%
K/
9 IP
Mark Prior
65.1%
K/
9 IP
Sandy Koufax
62.8%
WAR(Hitter)
Cesar Cedeno
58.3%
ERA
Babe Ruth
55.3%
SB
Cesar Cedeno
51.5%
SLG
Hal Trosky
50.5%
Hits
Hal Trosky
50.5%
Doubles
Hal Trosky
50.5%
Home Runs
Hal Trosky
50.5%
RBI
Hal Trosky
50.5%
Games Pitched
Roberto Osuna
48.5%
Saves
Roberto Osuna
46.6%
WAR(Pitcher)
Al Spalding
33.3%
ERA+
Al Spalding
33.3%
OBP
John McGraw
25.2%
Runs
John McGraw
25.2%
SB
John McGraw
25.2%
SB
Sherry Magee
25%
ERA
Al Spalding
23.3%
Wins
Al Spalding
23.3%
Saves
Terry Forster
23.3%
Saves
Huston Street
20.4%
K/
9 IP
Oliver Perez
18.6%
IP
Amos Rusie
18.4%
Hint
Player
% Correct
K's
Amos Rusie
18.4%
Wins
Tommy Bond
17.5%
IP
Tommy Bond
17.5%
Games Pitched
Jordan Hicks
16.7%
WAR(Pitcher)
Tommy Bond
16.7%
WAR(Pitcher)
Matt Kilroy
16.7%
AVG
Pete Browning
11.7%
Saves
Billy McCool
10.7%
Wins
Bob Caruthers
8.7%
WAR(Pitcher)
Toad Ramsey
8.3%
AVG
Denny Lyons
7.8%
Runs
Denny Lyons
7.8%
Hits
Denny Lyons
7.8%
Doubles
Denny Lyons
7.8%
SB
Denny Lyons
7.8%
K's
Ed Morris
7.8%
Saves
Lloyd Allen
6.8%
ERA
Jim McCormick
5.8%
Wins
Matt Kilroy
5.8%
Wins
Toad Ramsey
5.8%
Games Pitched
Matt Kilroy
5.8%
IP
Matt Kilroy
5.8%
IP
Toad Ramsey
5.8%
K's
Toad Ramsey
5.8%
ERA
Charlie Sweeney
4.9%
Wins
Charlie Sweeney
4.9%
K's
Charlie Sweeney
4.9%
K/
9 IP
Ken Brett
4.7%
Games Pitched
Oscar Villarreal
2.9%
IP
Ed Seward
2.9%
AVG
Tom McCreery
1.9%
WAR(Pitcher)
Billy Rhines
0%
ERA+
Billy Rhines
0%
ERA+
Jack Stivetts
0%
ERA+
Hub Pruett
0%
Quiz Playlist
Details
Report
Send in Message
Add To Playlist
More Info:
Min for rate stats are 310 PA and 100 IP or 9 Decisions. * denotes HOF
Classic:
Type in answers that appear in a list
Quiz Source
Last Updated: Sep 1, 2017
Quiz Scoreboard
CHALLENGE
Sign Up to Join the Scoreboard
Show All
Scores
Hide
Comments
May contain spoilers
Recently Published
Presidents Visiting Landmarks
by Hejman
History
7m
An Introduction to Baseball
by treessimontrees
Sports
5m
Movies - When Are They Set?
by FPL_Elf
Movies
5m
More to Explore
Quiz From the Vault
Featured Blog Post
Where Did the Easter Bunny Come From?
hide this ad
You Might Also Like...
Tags
MLB Quiz
Age
Single Season
Today's Top Quizzes in Sports
Browse Sports
hide this ad
Today's Top Quizzes in MLB
Browse MLB
Top Contributed Quizzes in Sports
1
Les meilleurs buteurs des matchs entre le PSG et l’OM
2
2022 World Cup Stars
3
FIFA Club World Cup Champions
4
Les entraîneurs de l'OM et du PSG au 21e siècle
5
Name the Premier League winners with different clubs
6
La finale Lions - Afrique du Sud 2021
7
5-to-1: UK Sports Teams
8
England Test cricketers to play under Nasser Hussain
9
Players with Multiple 50 Home Run Seasons
10
AFC Teams Reveal (Wrong Answers Minefield)
Explore More
Trending Topics
Crossword
Harry Potter
Kpop
Anime
NBA
Disney
Marvel
Song
WWE
The Office
Soccer
Pokémon
Puzzle
Country
NFL
hide this ad
More By:
SporcleEXP
Quiz
Plays
Rating
Category
Featured
Created
Harry Potter Deaths in Order Minefield
3,068,146
4.18
Literature
Jan 27, 2016
Sins, Dwarfs, and Spice Girls
847,259
4.42
Just For Fun
Apr 11, 2012
Ancient History Bunker
708,082
4.28
History
Jan 20, 2014
Movie Posters VI
678,986
4.37
Movies
Nov 12, 2010
Movie Posters VII
621,809
4.44
Movies
Apr 16, 2011
Go to Creator's Profile
Score Distribution
Quiz Creator Spotlight
SporcleEXP
Follow
Send a Message
Quizzes Created
-
Created Quiz Play Count
-
More By This Creator
Popular Quizzes Today
1
Find the US States - No Outlines Minefield
2
Find the Countries of Europe - No Outlines Minefield
3
The Countries of the World
4
Find the US States
5
Popular People in 1961
6
US States
7
Risky Map Clicking: Biggest States A-Z
8
1-10 Letter E Words III
More Sports Quizzes
Top 30 Scorers for Rafael Benítez
Quiz Lab
Trending Quizzes
Risky Map Clicking: Least Populous States A-Z
1-10 Letter G Words
1-10 Letter F Words
One Thing in Common: United Kingdom
Risky Map Clicking: Next State Alphabetically
Recently Updated
Leaping Animals
pecheneg
Reality TV Shows (A-Z)
bhenderson79
Rickey Henderson's Hall of Fame Teammates
pecheneg
Champions League XIs: Arsenal
pecheneg
Quick Pick: Celebrities in WWE's Hall of Fame
aduchscher
A-Z Keypad Blitz II
pecheneg
Multiple Oscar Actors
pecheneg
Mystery Phrase Blitz: Oscar 'Best Actors'
pecheneg
F. Scott Fitzgerald Novels
LTH
Pick 3 Villains
ddd62291
Trending Topics
Anime
Disney
Crossword
Kpop
Harry Potter
Marvel
NBA
Puzzle
The Office
NFL
WWE
Soccer
Song
Country
Pokémon
Your Account Isn't Verified!
In order to create a playlist on Sporcle, you need to verify the email address you used during registration. Go to your
Sporcle Settings
to finish the process.
Report this User
Report this user for behavior that violates our
Community Guidelines
.
Details:
Send Report
Go to the Sporcle.com Mobile Site →
Comments